01417nam a2200277 a 450000100100000000500170001000800410002704000250006808200260009310000380011924500740015725000120023126000450024330000210028850000210030959000260033065000270035665000310038391000410041495201380045595201380059395201380073195201240086995201290099399900170112200001287120240530073915.0091118s1994 dr 000 f spa d aDO-SdBNPbspacBNPHU aRD863.44bM844e, 19941 aMoreta Féliz, Altagracia92974413aEl extraño fenomeno de los 500 años /cAltagracia Moreta Féliz. a2a. ed. aSanto Domingo :bEl Nuevo Diario,c1994. a156 p. ;c21 cm. aIncluye glosario aInventariado, 2019/BT 0aNovela dominicana9223 0aLiteratura dominicana.967 aValidado. Control de calidad MMOLINA 001054708DSaGRbGRcHDd2009-11-18iLF1l0oRD863.44 M844e, 1994p12871-30r2020-06-25te.3w2020-06-25yLFDSZPréstamo en sala 001054708DSaGRbGRcHDd2009-11-18iLF1l0oRD863.44 M844e, 1994p12871-40r2020-06-25te.4w2020-06-25yLFDSZPréstamo en sala 001054708DSaGRbGRcHDd2009-11-18iLF1l0oRD863.44 M844e, 1994p12871-50r2020-06-25te.5w2020-06-25yLFDSZPréstamo en sala 0010718PDaPDbPDcHDd2009-11-18iLF1l0oRD863.44 M844e, 1994p12871-10r2020-06-25w2020-06-25yLFPDZNo se presta 0010718PDaPDbPDcHDd2009-11-18iLF1l0oRD863.44 M844e, 1994p12871-20r2020-06-25te.2w2020-06-25yLFPDZNo se presta c12519d12519